Statistics for name all countries in Southeast Asia By:Max

Click here to take the quiz!

General Stats

  • This quiz has been taken 11 times
  • The average score is 8 of 11

Answer Stats

HintAnswer% Correct
Start with MMalaysia
88%
Start with TThailand
88%
Start with VVietnam
88%
Start with CCambodia
75%
Start with IIndonesia
75%
Start with LLaos
75%
Start with MMyanmar
75%
Start with PPhilippines
75%
Start with SSingapore
75%
Start with BBrunei
50%
Start with EEast Timor
50%

Score Distribution

Percentile by Number Answered

Percent of People with Each Score

Your Score History

You have not taken this quiz